| 000 | 00488nam a2200205Ia 4500 | ||
|---|---|---|---|
| 005 | 20250425161804.0 | ||
| 008 | 250425s9999 xx 000 0 und d | ||
| 020 | _a9806331290 | ||
| 041 | _aspa | ||
| 082 | _a634 | ||
| 100 | _aL. AVILAN, F. LEAL., D. BATISTA | ||
| 245 | 0 | _aMANUAL DE FRUTICULTURA | |
| 250 | _a2A ED. | ||
| 260 | _aCARACAS | ||
| 260 |
_aVenezuela _bAMERICA ASOCIATION _c1992 |
||
| 650 | _aFRUTICULTURA | ||
| 650 | _aVENEZUELA | ||
| 942 | _c01 | ||
| 010 | _a29136 | ||
| 999 |
_c216129 _d216129 |
||